Indian Ocean Island Countries - Statistics

General Stats
  • This quiz has been taken 496 times
  • The average score is 8 of 9
Answer Stats
Country % Correct
Sri Lanka
97%
Maldives
93%
Madagascar
92%
Indonesia
91%
Seychelles
90%
Mauritius
89%
Comoros
87%
East Timor
67%
Bahrain
61%
No matching quizzes found
Score Distribution
Percent of People with Each Score
Percentile by Number Answered
Your Score History
You have not taken this quiz